{"text_format":"3","workbook":"xlsx","n_sheets":7,"sheets":["表3-5 单位工程预算价汇总表","表3-6 分部分项工程计价表","3.1措施项目费汇总表（输出清单项）","表3-13 其他项目计价表","表3-19 规费和税金项目计算表","5.5主要材料价格表","1.1.2综合单价计算表"],"read":"whole","date_system":"1900"}

{"sheet":"表3-5 单位工程预算价汇总表","index":0,"n_rows":25,"n_cols":6,"rows_kept":25,"merged":[[0,0,0,5],[1,0,1,2],[1,4,1,5],[2,2,2,4],[3,2,3,4],[4,2,4,4],[5,2,5,4],[6,2,6,4],[7,2,7,4],[8,2,8,4],[9,2,9,4],[10,2,10,4],[11,2,11,4],[12,2,12,4],[13,2,13,4],[14,2,14,4],[15,2,15,4],[16,2,16,4],[17,2,17,4],[18,2,18,4],[19,2,19,4],[20,2,20,4],[21,2,21,4],[22,2,22,4],[23,2,23,4],[24,2,24,4],[25,2,25,4],[26,2,26,4],[27,2,27,4],[28,2,28,4],[29,2,29,4],[30,2,30,4],[31,2,31,4],[32,2,32,4],[33,2,33,4],[34,2,34,4],[35,2,35,4]]}
["单位工程造价汇总表"]
["工程名称：南村镇坑头村文昌路小公园改造工程-市政部分",{"$nulls":3},"第 1 页  共 1 页"]
["序号","费 用 名 称","计 算 基 础",null,null,"金  额（元）"]
["1","分部分项合计","分部分项合计",null,null,214471.16]
["1.1","给水",{"$nulls":3},116148.04]
["1.2","照明",{"$nulls":3},77895.8]
["1.3","钢板盖板",{"$nulls":3},20427.32]
["2","措施合计","绿色施工安全防护措施费+其他措施费",null,null,12193.83]
["2.1","绿色施工安全防护措施费","安全及文明施工措施费",null,null,11444.81]
["2.2","其他措施费","其他措施费",null,null,749.02]
["3","其他项目","其他项目合计",null,null,3468.12]
["3.1","暂列金额","暂列金额"]
["3.2","暂估价","暂估价合计"]
["3.3","计日工","计日工"]
["3.4","总承包服务费","总承包服务费"]
["3.5","预算包干费","预算包干费",null,null,3468.12]
["3.6","工程优质费","工程优质费"]
["3.7","概算幅度差","概算幅度差"]
["3.8","索赔费用","索赔费用"]
["3.9","现场签证费用","现场签证费用"]
["3.10","其他费用","其他费用"]
["4","税前工程造价","分部分项合计+措施合计+其他项目",null,null,230133.11]
["5","增值税销项税额","分部分项合计+措施合计+其他项目",null,null,20711.98]
["6","总造价","分部分项合计+措施合计+其他项目+增值税销项税额",null,null,250845.09]
["7","人工费","分部分项人工费+技术措施项目人工费",null,null,40965.09]

{"sheet":"表3-6 分部分项工程计价表","index":1,"n_rows":110,"n_cols":10,"rows_kept":110,"merged":[[0,0,0,9],[1,0,1,5],[1,7,1,9],[2,0,3,0],[2,1,3,1],[2,2,3,2],[2,3,3,3],[2,4,3,4],[2,5,3,7],[2,8,2,9],[4,2,4,3],[4,5,4,7],[5,5,5,7],[6,5,6,7],[7,5,7,7],[8,5,8,7],[9,5,9,7],[10,5,10,7],[11,5,11,7],[12,5,12,7],[13,5,13,7],[14,5,14,7],[15,5,15,7],[16,0,16,8],[17,0,17,9],[18,0,18,5],[18,7,18,9],[19,0,20,0],[19,1,20,1],[19,2,20,2],[19,3,20,3],[19,4,20,4],[19,5,20,7],[19,8,19,9],[21,5,21,7],[22,5,22,7],[23,5,23,7],[24,5,24,7],[25,5,25,7],[26,5,26,7],[27,5,27,7],[28,5,28,7],[29,5,29,7],[30,5,30,7],[31,5,31,7],[32,5,32,7],[33,0,33,8],[34,0,34,9],[35,0,35,5],[35,7,35,9],[36,0,37,0],[36,1,37,1],[36,2,37,2],[36,3,37,3],[36,4,37,4],[36,5,37,7],[36,8,36,9],[38,5,38,7],[39,5,39,7],[40,5,40,7],[41,2,41,3],[41,5,41,7],[42,2,42,3],[42,5,42,7],[43,5,43,7],[44,5,44,7],[45,5,45,7],[46,5,46,7],[47,5,47,7],[48,5,48,7],[49,5,49,7],[50,5,50,7],[51,0,51,8],[52,0,52,9],[53,0,53,5],[53,7,53,9],[54,0,55,0],[54,1,55,1],[54,2,55,2],[54,3,55,3],[54,4,55,4],[54,5,55,7],[54,8,54,9],[56,5,56,7],[57,5,57,7],[58,5,58,7],[59,5,59,7],[60,5,60,7],[61,5,61,7],[62,5,62,7],[63,5,63,7],[64,5,64,7],[65,5,65,7],[66,5,66,7],[67,2,67,3],[67,5,67,7],[68,2,68,3],[68,5,68,7],[69,5,69,7],[70,5,70,7],[71,5,71,7],[72,5,72,7],[73,0,73,8],[74,0,74,9],[75,0,75,5],[75,7,75,9],[76,0,77,0],[76,1,77,1],[76,2,77,2],[76,3,77,3],[76,4,77,4],[76,5,77,7],[76,8,76,9],[78,5,78,7],[79,5,79,7],[80,5,80,7],[81,2,81,3],[81,5,81,7],[82,5,82,7],[83,5,83,7],[84,5,84,7],[85,5,85,7],[86,5,86,7],[87,5,87,7],[88,5,88,7],[89,5,89,7],[90,5,90,7],[91,5,91,7],[92,5,92,7],[93,5,93,7],[94,5,94,7],[95,5,95,7],[96,5,96,7],[97,5,97,7],[98,5,98,7],[99,5,99,7],[100,5,100,7],[101,5,101,7],[102,5,102,7],[103,5,103,7],[104,5,104,7],[105,5,105,7],[106,5,106,7],[107,5,107,7],[108,0,108,8],[109,0,109,8]]}
["分部分项工程计价表"]
["工程名称：南村镇坑头村文昌路小公园改造工程-市政部分",{"$nulls":6},"第 1 页  共 5 页"]
["序号","项目编码","项目名称","项目特征描述","计量\n单位","工程数量",null,null,"金额（元）"]
[{"$nulls":8},"综合单价","合价"]
[null,null," 给水"]
[1,"031003001001","快速取水阀","1.类型:快速取水阀\n2.规格、压力等级:DN20\n3.含阀箱708","个","2",null,null,68.42,136.84]
[2,"030901003001","旋转射线喷头","1.安装部位:隐藏式\n2.材质、型号、规格:PROS-04-MP1000(360°）\n3.压力2.8bars，射程4.1m，全圆流量0.168m3/h\n4.配SJ-512千秋架","个","12",null,null,126.06,1512.72]
[3,"030901003002","旋转射线喷头","1.安装部位:隐藏式\n2.材质、型号、规格:PROS-04-MP2000(360°）\n3.压力2.8bars，射程5.8m，全圆流量0.336m3/h\n4.配SJ-512千秋架","个","9",null,null,126.06,1134.54]
[4,"030901003003","旋转射线喷头","1.安装部位:隐藏式\n2.材质、型号、规格:\nPROS-04-MP1000(180°）\n3.压力2.8bars，射程4.1m，全圆流量0.084m3/h\n4.配SJ-512千秋架","个","12",null,null,126.06,1512.72]
[5,"031001006001","塑料管","1.安装部位:地下\n2.材质、规格:PVC给水管DN65\n3.连接形式:粘接","m","99",null,null,21.67,2145.33]
[6,"031001006002","塑料管","1.安装部位:地下\n2.材质、规格:PVC给水管DN50\n3.连接形式:粘接","m","32.5",null,null,18.97,616.53]
[7,"031001006003","塑料管","1.安装部位:地下\n2.材质、规格:PVC给水管DN40\n3.连接形式:粘接","m","62",null,null,14.82,918.84]
[8,"031001006004","塑料管","1.安装部位:地下\n2.材质、规格:PVC给水管DN32\n3.连接形式:粘接","m","86",null,null,13.32,1145.52]
[9,"031001006005","塑料管","1.安装部位:地下\n2.材质、规格:PVC给水管DN25\n3.连接形式:粘接","m","68.5",null,null,11.44,783.64]
[10,"031001006006","塑料管","1.安装部位:地下\n2.材质、规格:PVC给水管DN20\n3.连接形式:粘接","m","136",null,null,10.78,1466.08]
[11,"031003013001","水表","1.安装部位(室内外):室外\n2.型号、规格:DN65\n3.附件配置:倒流防止器、Y型过滤器、法兰闸阀、法兰水表等","组","1",null,null,2924.65,2924.65]
["本页小计",{"$nulls":8},14297.41]
["分部分项工程计价表"]
["工程名称：南村镇坑头村文昌路小公园改造工程-市政部分",{"$nulls":6},"第 2 页  共 5 页"]
["序号","项目编码","项目名称","项目特征描述","计量\n单位","工程数量",null,null,"金额（元）"]
[{"$nulls":8},"综合单价","合价"]
[12,"粤050101024001","水表井","1.垫层、基础材质及厚度:C25混凝土底板\n2.砌筑材料品种、规格、强度等级:M10砖砌井壁\n3.盖板材质、规格:C25混凝土盖板、铸铁井盖座φ700","座","1",null,null,6782.14,6782.14]
[13,"031003001002","闸阀DN50","1.类型:闸阀\n2.规格、压力等级:DN50\n3.连接形式:螺纹\n4.含阀箱910","个","1",null,null,302.19,302.19]
[14,"031003001003","闸阀DN40","1.类型:闸阀\n2.规格、压力等级:DN40\n3.连接形式:螺纹\n4.含阀箱910","个","1",null,null,231.03,231.03]
[15,"031003001004","闸阀DN32","1.类型:闸阀\n2.规格、压力等级:DN32\n3.连接形式:螺纹\n4.含阀箱910","个","1",null,null,193.35,193.35]
[16,"041001002002","拆除人行道","1.材质:拆除预制混凝土块+水泥石屑基层\n2.厚度:5cm+15cm","m2","91.18",null,null,16.54,1508.12]
[17,"040204002002","人行道块料铺设","1.预制混凝土块5cm（80*利用旧砖）\n2.基础、垫层:材料品种、厚度:砂浆结合层+15cm厚7%水泥稳定石屑基层","m2","72.95",null,null,99.95,7291.35]
[18,"040204002003","人行道块料铺设","1.预制混凝土块5cm（20%利用新砖）\n2.基础、垫层:材料品种、厚度:砂浆结合层+15cm厚7%水泥稳定石屑基层","m2","18.24",null,null,185.29,3379.69]
[19,"041001002003","拆除人行道","1.材质:拆除花岗岩人行道砖+水泥石屑基层\n2.厚度:6cm+15cm","m2","10.64",null,null,19.73,209.93]
[20,"040204002004","人行道块料铺设","1.利用原来花岗岩人行道砖\n2.基础、垫层:材料品种、厚度:15cm厚7%水泥稳定石屑基层+30厚粗砂","m2","10.64",null,null,207.75,2210.46]
[21,"040101002002","挖沟槽土方","1.土壤类别:一、二类土\n2.挖土深度:2m内","m3","341.3",null,null,7.96,2716.75]
[22,"040305001001","垫层","1.材料品种、规格:碎石\n2.厚度:10cm","m3","25.73",null,null,412.81,10621.6]
[23,"040103001005","回填方","1.填方材料品种:3:7灰土","m3","201.71",null,null,237.89,47984.79]
["本页小计",{"$nulls":8},83431.4]
["分部分项工程计价表"]
["工程名称：南村镇坑头村文昌路小公园改造工程-市政部分",{"$nulls":6},"第 3 页  共 5 页"]
["序号","项目编码","项目名称","项目特征描述","计量\n单位","工程数量",null,null,"金额（元）"]
[{"$nulls":8},"综合单价","合价"]
[24,"040103001004","回填方","1.填方材料品种:种植土","m3","113.24",null,null,42.54,4817.23]
[25,"040103002002","余方弃置","1.废弃料品种:土方\n2.运距:15km","m3","356.57",null,null,37.98,13542.53]
[26,"040103002003","余方弃置","1.废弃料品种:砼碎块碎渣\n2.运距:15km","m3","0.91",null,null,65.35,59.47]
[null,null,"【给水】分部小计",{"$nulls":6},116148.04]
[null,null," 照明"]
[27,"040801010001","落地式配电箱","1.名称:落地式不锈钢配电箱（含箱内元件）","台","1",null,null,5703.97,5703.97]
[28,"040801010002","配电箱基础","1.名称:配电箱基础\n2.规格:1000*590mm\n3.基础形式、材质、规格:M7.5砖砌井壁、M20水泥砂浆抹面\n4.镀锌角铁L50*50*5*2500mm接地极\n5.含钢板螺栓、预埋件","个","1",null,null,1630.07,1630.07]
[29,"040805001001","庭院灯4m LED36W","1.名称:庭院灯 \n2.灯杆材质、高度:Q235 杆高4m（含路灯号牌制安）\n3.光源数量:LED灯 36W\n4.垫层、基础:厚度、材料品种、强度等级:C25混凝土基础500*500*600mm（含地脚螺栓、基础钢筋、固定钢板）\n5.镀锌角铁L50*50*5*2500mm接地极","套","17",null,null,1989.64,33823.88]
[30,"040504009001","拉线井","1.砖砌路灯拉线井\n2.垫层、基础材质及厚度:C25混凝土底板\n3.砌筑材料品种、规格:M10水泥砂浆砌筑、1:2水泥砂浆抹面\n4.钢筋混凝土盖板600*600mm","座","2",null,null,705.83,1411.66]
[31,"040803001001","电缆","1.名称:铜芯电缆\n2.规格:YJV-3*6\n3.敷设方式、部位:埋地敷设","m","12.3",null,null,16.7,205.41]
[32,"040803001002","电缆","1.名称:铜芯电缆\n2.规格:YJV-3*4 \n3.敷设方式、部位:埋地敷设","m","270.88",null,null,13.39,3627.08]
[33,"040803005001","电缆终端头","1.名称:电缆终端头","个","6",null,null,93.5,561]
[34,"040804001001","配管","1.名称:电缆保护管\n2.材质:pvc管\n3.规格:40mm\n4.配置形式:埋地敷设","m","10",null,null,14.49,144.9]
["本页小计",{"$nulls":8},65527.2]
["分部分项工程计价表"]
["工程名称：南村镇坑头村文昌路小公园改造工程-市政部分",{"$nulls":6},"第 4 页  共 5 页"]
["序号","项目编码","项目名称","项目特征描述","计量\n单位","工程数量",null,null,"金额（元）"]
[{"$nulls":8},"综合单价","合价"]
[35,"040804001002","配管","1.名称:电缆保护管\n2.材质:pvc管\n3.规格:32mm\n4.配置形式:埋地敷设","m","214.5",null,null,12.86,2758.47]
[36,"040804002001","配线","1.名称:照明线路\n2.配线形式:杆内穿线\n3.型号:ZR-RVV-3*2.5","m","104.55",null,null,7.39,772.62]
[37,"040806002001","接地母线","1.材质:镀锌圆钢\n2.规格:φ12","m","222.87",null,null,25.76,5741.13]
[38,"040503003001","金属支架制作、安装","1.材质:角钢 \n2.管架形式:附墙角铁架\n3.刷沥青漆2道","t","0.003",null,null,26262.48,78.79]
[39,"040101002001","挖沟槽土方","1.土壤类别:一、二类土\n2.挖土深度:2m内","m3","58.41",null,null,7.96,464.94]
[40,"040103001001","回填方","1.填方材料品种:原土","m3","8.78",null,null,18.77,164.8]
[41,"040103001002","回填方","1.填方材料品种:石屑","m3","32.33",null,null,243.2,7862.66]
[42,"040303001001","混凝土垫层","1.混凝土强度等级:C20","m3","12.76",null,null,692.22,8832.73]
[43,"041001002001","拆除人行道","1.材质:拆除花岗岩人行道砖+水泥石屑基层\n2.厚度:6cm+15cm","m2","9.55",null,null,19.73,188.42]
[44,"040204002001","人行道块料铺设","1.利用原来花岗岩人行道砖\n2.基础、垫层:材料品种、厚度:15cm厚7%水泥稳定石屑基层+30厚粗砂","m2","9.55",null,null,207.75,1984.01]
[45,"040103002001","余方弃置","1.废弃料品种:土方\n2.运距:15km","m3","51.06",null,null,37.98,1939.26]
[null,null,"【照明】分部小计",{"$nulls":6},77895.8]
[null,null," 钢板盖板"]
[46,"040307007001","其他钢构件","1.材料品种、规格:花纹钢板盖板3mm厚","t","0.89",null,null,6272.48,5582.51]
[47,"010604001001","钢梁","1.梁类型:方钢150*200*6*6、100*150*6*6\n2.单根质量:0.3t内","t","1.918",null,null,5827.15,11176.47]
[48,"011405001001","金属面油漆","1.构件名称:钢梁\n2.油漆品种、刷漆遍数:防锈漆2道","m2","42.4",null,null,8.62,365.49]
[49,"010606013001","零星钢构件","1.构件名称:预埋件\n2.钢材品种、规格:350*350*10","t","0.096",null,null,6196.46,594.86]
["本页小计",{"$nulls":8},48507.16]
["分部分项工程计价表"]
["工程名称：南村镇坑头村文昌路小公园改造工程-市政部分",{"$nulls":6},"第 5 页  共 5 页"]
["序号","项目编码","项目名称","项目特征描述","计量\n单位","工程数量",null,null,"金额（元）"]
[{"$nulls":8},"综合单价","合价"]
[50,"010606013002","零星钢构件","1.构件名称:加劲肋扁钢\n2.钢材品种、规格:60*4","t","0.015",null,null,6426.13,96.39]
[51,"040901010001","高强螺栓","1.材料种类:高强度螺栓\n2.材料规格:M20*300","套","40",null,null,10.29,411.6]
[52,"04B001","不锈钢成品检修门","1.不锈钢成品检修门（含锁具）\n2.1500*2000mm","套","1",null,null,2200,2200]
[null,null,"【钢板盖板】分部小计",{"$nulls":6},20427.32]
{"$rows_empty":26}
["本页小计",{"$nulls":8},2707.99]
["合  计",{"$nulls":8},214471.16]

{"sheet":"3.1措施项目费汇总表（输出清单项）","index":2,"n_rows":38,"n_cols":8,"rows_kept":38,"merged":[[0,0,0,7],[1,0,1,5],[1,6,1,7],[2,0,2,0],[2,1,2,2],[2,3,2,3],[2,4,2,4],[2,5,2,6],[3,1,3,2],[3,5,3,6],[4,1,4,2],[4,5,4,6],[5,1,5,2],[5,5,5,6],[6,1,6,2],[6,5,6,6],[7,1,7,2],[7,5,7,6],[8,1,8,2],[8,5,8,6],[9,1,9,2],[9,5,9,6],[10,1,10,2],[10,5,10,6],[11,1,11,2],[11,5,11,6],[12,1,12,2],[12,5,12,6],[13,1,13,2],[13,5,13,6],[14,1,14,2],[14,5,14,6],[15,1,15,2],[15,5,15,6],[16,1,16,2],[16,5,16,6],[17,1,17,2],[17,5,17,6],[18,1,18,2],[18,5,18,6],[19,1,19,2],[19,5,19,6],[20,1,20,2],[20,5,20,6],[21,1,21,2],[21,5,21,6],[22,1,22,2],[22,5,22,6],[23,1,23,2],[23,5,23,6],[24,1,24,2],[24,5,24,6],[25,1,25,2],[25,5,25,6],[26,1,26,2],[26,5,26,6],[27,1,27,2],[27,5,27,6],[28,1,28,2],[28,5,28,6],[29,1,29,2],[29,5,29,6],[30,1,30,2],[30,5,30,6],[31,1,31,2],[31,5,31,6],[32,1,32,2],[32,5,32,6],[33,1,33,2],[33,5,33,6],[34,1,34,2],[34,5,34,6],[35,1,35,2],[35,5,35,6],[36,1,36,2],[36,5,36,6],[37,1,37,2],[37,5,37,6]]}
["措施项目费汇总表"]
["工程名称：南村镇坑头村文昌路小公园改造工程-市政部分",{"$nulls":5},"第 1 页 共 1 页"]
["编码","名称",null,"单位","数量","单价（元）",null,"合价（元）"]
["1","绿色施工安全防护措施费"]
["1.1","综合脚手架",null,"项",1]
["1.2","靠脚手架安全挡板",null,"项",1]
["1.3","围尼龙编制布",null,"项",1]
["1.4","桥梁支架",null,"项",1]
["1.5","施工现场围挡和临时占地围挡",null,"项",1]
["1.6","施工围挡照明",null,"项",1]
["1.7","独立安全防护挡板",null,"项",1]
["1.8","吊装设备基础",null,"项",1]
["LSSGCSF00001","绿色施工安全防护措施费",null,"项","RGF+JXF","19.8%",null,11444.81]
[null,"小计",null,"元",{"$nulls":3},11444.81]
["2","措施其他项目"]
["粤041109009001","文明工地增加费",null,"项","RGF+JXF","0%"]
["041109002001","夜间施工增加费",null,"项",null,"20%"]
["041109005001","交通疏解员增加费",null,"项",null,"15%"]
["041108001001","地下管线交叉降效费",null,"项",null,"0%"]
["粤041109008001","赶工措施费",null,"项","RGF+JXF","0%"]
["QTFY00000001","其他费用",null,"项",1]
["2.7","围堰工程",null,"项",1]
["041102002001","基础模板",null,"m2",17,44.06,null,749.02]
["2.8","材料二次运输",null,"项",1]
["2.9","井点降水工程",null,"项",1]
["2.10","施工护栏",null,"项",1]
["2.11","监测量控工程",null,"项",1]
[null,"小计",null,"元",{"$nulls":3},749.02]
{"$rows_empty":9}
[null,"合计",{"$nulls":5},"12193.83"]

{"sheet":"表3-13 其他项目计价表","index":3,"n_rows":32,"n_cols":7,"rows_kept":32,"merged":[[0,0,0,6],[1,0,1,3],[1,5,1,6],[2,3,2,5],[3,3,3,5],[4,3,4,5],[5,3,5,5],[6,3,6,5],[7,3,7,5],[8,3,8,5],[9,3,9,5],[10,3,10,5],[11,3,11,5],[12,3,12,5],[13,3,13,5],[14,3,14,5],[15,3,15,5],[16,3,16,5],[17,3,17,5],[18,3,18,5],[19,3,19,5],[20,3,20,5],[21,3,21,5],[22,3,22,5],[23,3,23,5],[24,3,24,5],[25,3,25,5],[26,3,26,5],[27,3,27,5],[28,3,28,5],[29,3,29,5],[30,3,30,5],[31,0,31,2],[31,3,31,5]]}
["其他项目清单与计价表"]
["工程名称：南村镇坑头村文昌路小公园改造工程-市政部分",{"$nulls":4},"第 1 页  共 1 页"]
["序号","项目名称","单位","金额（元）",null,null,"备注"]
["1","暂列金额","项"]
["2","暂估价","项"]
["2.1","材料暂估价","项"]
["2.2","专业工程暂估价","项"]
["3","计日工","项"]
["4","总承包服务费","项"]
["5","预算包干费","项",3468.12,null,null,"按分部分项的人工费与施工机具费之和的 6.00%计算"]
["6","工程优质费","项",{"$nulls":3},"按分部分项的人工费与施工机具费之和为计算基础\n国家级质量奖：12.10%；省级质量奖：7.20%；市级质量奖：4.50%"]
["7","概算幅度差","项",{"$nulls":3},"按分部分项工程费的3.00%计算"]
["8","现场签证费用","项"]
["9","索赔费用","项"]
["10","其他费用","项",{"$nulls":3},"按实际发生或经批准的施工方案计算"]
{"$rows_empty":16}
["合    计",null,null,"3468.12",null,null,"-"]

{"sheet":"表3-19 规费和税金项目计算表","index":4,"n_rows":38,"n_cols":7,"rows_kept":38,"merged":[[0,0,0,6],[1,0,1,3],[1,5,1,6],[2,3,2,5],[3,3,3,5],[4,3,4,5],[5,3,5,5],[6,3,6,5],[7,3,7,5],[8,3,8,5],[9,3,9,5],[10,3,10,5],[11,3,11,5],[12,3,12,5],[13,3,13,5],[14,3,14,5],[15,3,15,5],[16,3,16,5],[17,3,17,5],[18,3,18,5],[19,3,19,5],[20,3,20,5],[21,3,21,5],[22,3,22,5],[23,3,23,5],[24,3,24,5],[25,3,25,5],[26,3,26,5],[27,3,27,5],[28,3,28,5],[29,3,29,5],[30,3,30,5],[31,3,31,5],[32,3,32,5],[33,3,33,5],[34,3,34,5],[35,3,35,5],[36,3,36,5],[37,0,37,5]]}
["规费和税金项目清单与计价表"]
["工程名称：南村镇坑头村文昌路小公园改造工程-市政部分",{"$nulls":4},"第 1 页  共 1 页"]
["序号","项 目 名 称","计 算 基 础","费率（%）",null,null,"金额（元）"]
["1","增值税销项税额","分部分项合计+措施合计+其他项目","9",null,null,20711.98]
{"$rows_empty":33}
["合计",{"$nulls":5},20711.98]

{"sheet":"5.5主要材料价格表","index":5,"n_rows":214,"n_cols":10,"rows_kept":214,"merged":[[0,0,0,9],[1,0,1,5],[1,7,1,9],[2,5,2,7],[3,5,3,7],[4,5,4,7],[5,5,5,7],[6,5,6,7],[7,5,7,7],[8,5,8,7],[9,5,9,7],[10,5,10,7],[11,5,11,7],[12,5,12,7],[13,5,13,7],[14,5,14,7],[15,5,15,7],[16,5,16,7],[17,5,17,7],[18,5,18,7],[19,5,19,7],[20,5,20,7],[21,5,21,7],[22,5,22,7],[23,5,23,7],[24,5,24,7],[25,5,25,7],[26,5,26,7],[27,5,27,7],[28,5,28,7],[29,5,29,7],[30,5,30,7],[31,5,31,7],[32,5,32,7],[33,5,33,7],[34,5,34,7],[35,0,35,9],[36,0,36,5],[36,7,36,9],[37,5,37,7],[38,5,38,7],[39,5,39,7],[40,5,40,7],[41,5,41,7],[42,5,42,7],[43,5,43,7],[44,5,44,7],[45,5,45,7],[46,5,46,7],[47,5,47,7],[48,5,48,7],[49,5,49,7],[50,5,50,7],[51,5,51,7],[52,5,52,7],[53,5,53,7],[54,5,54,7],[55,5,55,7],[56,5,56,7],[57,5,57,7],[58,5,58,7],[59,5,59,7],[60,5,60,7],[61,5,61,7],[62,5,62,7],[63,5,63,7],[64,5,64,7],[65,5,65,7],[66,5,66,7],[67,5,67,7],[68,5,68,7],[69,5,69,7],[70,5,70,7],[71,5,71,7],[72,5,72,7],[73,0,73,9],[74,0,74,5],[74,7,74,9],[75,5,75,7],[76,5,76,7],[77,5,77,7],[78,5,78,7],[79,5,79,7],[80,5,80,7],[81,5,81,7],[82,5,82,7],[83,5,83,7],[84,5,84,7],[85,5,85,7],[86,5,86,7],[87,5,87,7],[88,5,88,7],[89,5,89,7],[90,5,90,7],[91,5,91,7],[92,5,92,7],[93,5,93,7],[94,5,94,7],[95,5,95,7],[96,5,96,7],[97,5,97,7],[98,5,98,7],[99,5,99,7],[100,5,100,7],[101,5,101,7],[102,5,102,7],[103,5,103,7],[104,5,104,7],[105,5,105,7],[106,5,106,7],[107,5,107,7],[108,5,108,7],[109,0,109,9],[110,0,110,5],[110,7,110,9],[111,5,111,7],[112,5,112,7],[113,5,113,7],[114,5,114,7],[115,5,115,7],[116,5,116,7],[117,5,117,7],[118,5,118,7],[119,5,119,7],[120,5,120,7],[121,5,121,7],[122,5,122,7],[123,5,123,7],[124,5,124,7],[125,5,125,7],[126,5,126,7],[127,5,127,7],[128,5,128,7],[129,5,129,7],[130,5,130,7],[131,5,131,7],[132,5,132,7],[133,5,133,7],[134,5,134,7],[135,5,135,7],[136,5,136,7],[137,5,137,7],[138,5,138,7],[139,5,139,7],[140,5,140,7],[141,5,141,7],[142,5,142,7],[143,0,143,9],[144,0,144,5],[144,7,144,9],[145,5,145,7],[146,5,146,7],[147,5,147,7],[148,5,148,7],[149,5,149,7],[150,5,150,7],[151,5,151,7],[152,5,152,7],[153,5,153,7],[154,5,154,7],[155,5,155,7],[156,5,156,7],[157,5,157,7],[158,5,158,7],[159,5,159,7],[160,5,160,7],[161,5,161,7],[162,5,162,7],[163,5,163,7],[164,5,164,7],[165,5,165,7],[166,5,166,7],[167,5,167,7],[168,5,168,7],[169,5,169,7],[170,5,170,7],[171,5,171,7],[172,5,172,7],[173,5,173,7],[174,5,174,7],[175,5,175,7],[176,5,176,7],[177,0,177,9],[178,0,178,5],[178,7,178,9],[179,5,179,7],[180,5,180,7],[181,5,181,7],[182,5,182,7],[183,5,183,7],[184,5,184,7],[185,5,185,7],[186,5,186,7],[187,5,187,7],[188,5,188,7],[189,5,189,7],[190,5,190,7],[191,5,191,7],[192,5,192,7],[193,5,193,7],[194,5,194,7],[195,5,195,7],[196,5,196,7],[197,5,197,7],[198,5,198,7],[199,5,199,7],[200,5,200,7],[201,5,201,7],[202,5,202,7],[203,5,203,7],[204,5,204,7],[205,5,205,7],[206,5,206,7],[207,5,207,7],[208,5,208,7],[209,5,209,7],[210,5,210,7],[211,5,211,7],[212,5,212,7],[213,5,213,7]]}
["主要材料价格表"]
["工程名称：南村镇坑头村文昌路小公园改造工程-市政部分",{"$nulls":6},"第 1 页  共 6 页"]
["序号","材料编码","材料名称","规格","单位","数量",null,null,"市场价\n（元）","市场价合计（元）"]
[1,"01010035","热轧圆盘条","φ12~25","t",0.1333,null,null,3616.56,482.09]
[2,"01030031","镀锌低碳钢丝","φ0.7~1.2","kg",0.6312,null,null,5.75,3.63]
[3,"01030035","镀锌低碳钢丝","φ1.2~2.5","kg",0.898,null,null,5.75,5.16]
[4,"01050001","钢丝绳","φ14.1~15","kg",9.7563,null,null,3.77,36.78]
[5,"01130060","镀锌扁钢","综合","kg",27.2033,null,null,6.21,168.93]
[6,"01150002","六角空心钢","综合","kg",0.4187,null,null,4.13,1.73]
[7,"01290043","钢板","8~15","kg",1.7597,null,null,4.39,7.73]
[8,"01290173","钢板","12~20","kg",0.759,null,null,4.4,3.34]
[9,"01290180@1","50*5扁钢","15以内","kg",18,null,null,4.59,82.62]
[10,"01290205","镀锌钢板","综合","kg",21.508,null,null,5.25,112.92]
[11,"01530060","封铅","含铅65% 含锡35%","kg",1.7331,null,null,27.24,47.21]
[12,"01630130","吊装夹具",null,"套",0.0584,null,null,185.61,10.84]
[13,"02010013","橡胶板","1~3","kg",0.4197,null,null,26.5,11.12]
[14,"02010015","橡胶板","4~15","kg",0.03,null,null,11.43,0.34]
[15,"02010070","耐油橡胶板","3~6","kg",0.95,null,null,7.95,7.55]
[16,"02090090","塑料薄膜",null,"m2",14.1946,null,null,0.27,3.83]
[17,"02130050","三色塑料带","综合","kg",0.54,null,null,10.62,5.73]
[18,"02130070","聚四氟乙烯生料带","26mm×20m×0.1mm","m",11.12,null,null,0.13,1.45]
[19,"02270001","棉纱",null,"kg",0.6019,null,null,11.82,7.11]
[20,"02270020","白布",null,"kg",2.3295,null,null,2.83,6.59]
[21,"02270180","破布","一级","kg",0.08,null,null,7.41,0.59]
[22,"03010430","六角螺栓","综合","kg",6.6622,null,null,5.75,38.31]
[23,"03010680","六角螺栓","M16×65~80","十套",4.12,null,null,6.12,25.21]
[24,"03011365","地脚螺栓","M20×300","十套",6.936,null,null,24.67,171.11]
[25,"03011605","镀锌六角螺栓","2平1弹垫 M10×100以内","十套",3.01,null,null,5.19,15.62]
[26,"03011630","镀锌六角螺栓","2平1弹垫 M16×100以内","十套",2.5399,null,null,14.56,36.98]
[27,"03013011","膨胀螺栓","综合","kg",0.1218,null,null,7.8,0.95]
[28,"03019001","圆钉","综合","kg",3.3541,null,null,5.53,18.55]
[29,"03019021","圆钉","50~75","kg",0.8404,null,null,3.65,3.07]
[30,"03019061","水泥钉",null,"十个",0.7072,null,null,7.01,4.96]
[31,"03019091","扒钉",null,"kg",1.2678,null,null,7.25,9.19]
[32,"03131061","尼龙砂轮片","φ100","片",0.2126,null,null,4.41,0.94]
["主要材料价格表"]
["工程名称：南村镇坑头村文昌路小公园改造工程-市政部分",{"$nulls":6},"第 2 页  共 6 页"]
["序号","材料编码","材料名称","规格","单位","数量",null,null,"市场价\n（元）","市场价合计（元）"]
[33,"03131101","尼龙砂轮片","φ400","片",0.0766,null,null,12.35,0.95]
[34,"03134021","铁砂布","0~2#","张",3.7168,null,null,0.97,3.61]
[35,"03135001","低碳钢焊条","综合","kg",12.8147,null,null,6.19,79.32]
[36,"03135021","低碳钢焊条","结422 φ3.2","kg",1.4347,null,null,6.14,8.81]
[37,"03135071","低合金钢耐热焊条","综合","kg",14.0408,null,null,13.15,184.64]
[38,"03136021","焊锡丝","综合","kg",0.39,null,null,7.93,3.09]
[39,"03136191","二氧化碳药芯焊丝","V-71","kg",17.2812,null,null,11.34,195.97]
[40,"03137041","焊锡膏",null,"kg",0.0794,null,null,48.48,3.85]
[41,"03138001","锡基钎料",null,"kg",0.1464,null,null,54.11,7.92]
[42,"03139101","冲击钻头","φ10~20","个",0.0388,null,null,8.37,0.32]
[43,"03139131","合金钢钻头","一字型","个",0.2672,null,null,4.88,1.3]
[44,"03139281","钢锯条",null,"条",57.1447,null,null,0.44,25.14]
[45,"03139521","合金钢钻头","φ10","个",0.5097,null,null,4.71,2.4]
[46,"03213001","铁件","综合","kg",14.0858,null,null,6.8,95.78]
[47,"04010015","复合普通硅酸盐水泥","P.C 32.5","t",2.6285,null,null,448,1177.57]
[48,"04030015","中砂",null,"m3",7.6561,null,null,206.15,1578.31]
[49,"04050015","碎石","30~50","m3",6.4737,null,null,251.9,1630.73]
[50,"04050040@2","砂砾",null,"m3",0.02,null,null,251.9,5.04]
[51,"04050050","碎石","80","m3",26.2446,null,null,257.95,6769.79]
[52,"04070045","石屑",null,"m3",65.8098,null,null,163.88,10784.91]
[53,"04090015","生石灰",null,"t",47.4019,null,null,410.83,19474.12]
[54,"04090090","粘土",null,"m3",223.8981,null,null,45,10075.41]
[55,"04090175","通用种植土(松方)",null,"m3",130.226,null,null,32.97,4293.55]
[56,"04130001","标准砖","240×115×53","千块",3.6427,null,null,378.65,1379.31]
[57,"05030001","木枋","综合","m3",0.1692,null,null,1776.8,300.63]
[58,"05030060","板枋材","综合","m3",0.2457,null,null,1641.67,403.36]
[59,"05030200","木板",null,"m3",0.0497,null,null,1681.42,83.57]
[60,"05030265","枕木",null,"m3",0.0118,null,null,1370.6,16.17]
[61,"05030320","垫木",null,"m3",0.0288,null,null,1598.23,46.03]
[62,"13010120","酚醛磁漆",null,"kg",0.02,null,null,13.98,0.28]
[63,"13010130","酚醛调和漆",null,"kg",1.32,null,null,11.77,15.54]
[64,"13010210","环氧富锌底漆",null,"kg",4.1552,null,null,22.91,95.2]
[65,"13010330","沥青清漆",null,"kg",0.59,null,null,6.48,3.82]
[66,"13030240","厚漆",null,"kg",0.18,null,null,19.45,3.5]
[67,"13050210","沥青绝缘漆",null,"kg",0.1699,null,null,6.56,1.11]
["主要材料价格表"]
["工程名称：南村镇坑头村文昌路小公园改造工程-市政部分",{"$nulls":6},"第 3 页  共 6 页"]
["序号","材料编码","材料名称","规格","单位","数量",null,null,"市场价\n（元）","市场价合计（元）"]
[68,"13050450","酚醛铁红防锈漆",null,"kg",9.0227,null,null,8.24,74.35]
[69,"14010010","清油",null,"kg",0.04,null,null,9.87,0.39]
[70,"14010030","松节油",null,"kg",2.8196,null,null,9.12,25.71]
[71,"14030040","汽油","综合","kg",3.3444,null,null,6.01,20.1]
[72,"14070050","机油","综合","kg",0.0853,null,null,7.18,0.61]
[73,"14090010","电力复合脂",null,"kg",0.188,null,null,14.9,2.8]
[74,"14330030","丙酮",null,"kg",1.3593,null,null,10.04,13.65]
[75,"14330090","动力苯",null,"kg",0.0178,null,null,2.82,0.05]
[76,"14330320","硬脂酸",null,"kg",0.085,null,null,6.53,0.56]
[77,"14350300","环氧富锌底漆稀释剂",null,"kg",0.4156,null,null,32.22,13.39]
[78,"14350630","脱模剂",null,"kg",1.7,null,null,5.29,8.99]
[79,"14390030","二氧化碳",null,"m3",19.5137,null,null,4.87,95.03]
[80,"14390070","氧气",null,"m3",26.0093,null,null,5.32,138.37]
[81,"14390100","乙炔气",null,"kg",14.0994,null,null,13.72,193.44]
[82,"14410410","氯丁橡胶粘接剂",null,"kg",3.3865,null,null,14.46,48.97]
[83,"17010054","焊接钢管","DN20","kg",0.7553,null,null,4.32,3.26]
[84,"17010060","焊接钢管","DN50","m",0.3,null,null,327.74,98.32]
[85,"17070080","热轧无缝钢管","D22×2","m",0.03,null,null,101.93,3.06]
[86,"17250170","塑料软管","D5","m",0.3,null,null,0.42,0.13]
[87,"17250270","塑料软管","D25","m",0.06,null,null,3.19,0.19]
[88,"17270090","高压风管",null,"m",0.0446,null,null,22.56,1.01]
[89,"17270175","橡胶软管","DN20","m",0.3488,null,null,5.16,1.8]
[90,"18010760","黑玛钢活接头","DN20","个",2.02,null,null,1.19,2.4]
[91,"18010770","黑玛钢活接头","DN32","个",1.01,null,null,12.63,12.76]
[92,"18010775","黑玛钢活接头","DN40","个",1.01,null,null,15.66,15.82]
[93,"18010780","黑玛钢活接头","DN50","个",1.01,null,null,21.42,21.63]
[94,"18030605","固定卡子","φ90","个",12.36,null,null,3.12,38.56]
[95,"18031465","异径管","DN65×50","个",2,null,null,5.16,10.32]
[96,"19000210","螺纹阀门","DN20","个",0.213,null,null,26,5.54]
[97,"24110140","弹簧压力表","Y-100 0~1.6MPa","块",0.1067,null,null,20.62,2.2]
[98,"24590010","压力表弯管","DN15","个",0.1067,null,null,5.73,0.61]
[99,"27170001","电气绝缘胶带","18mm×10m×0.13mm","卷",3.2519,null,null,2.48,8.06]
[100,"28010030","镀锡裸铜绞线","16mm2","kg",0.6,null,null,65.73,39.44]
["主要材料价格表"]
["工程名称：南村镇坑头村文昌路小公园改造工程-市政部分",{"$nulls":6},"第 4 页  共 6 页"]
["序号","材料编码","材料名称","规格","单位","数量",null,null,"市场价\n（元）","市场价合计（元）"]
[101,"29060145","钢管保护管","φ40×400","根",25.399,null,null,7.73,196.33]
[102,"29090175","塑料接线柱","双线","个",17.51,null,null,0.88,15.41]
[103,"29090225","铜接线端子","DT-16mm2","个",24.36,null,null,2.01,48.96]
[104,"33010285","塑钢踏步",null,"kg",9.898,null,null,6.49,64.24]
[105,"34070010","塑料手套","ST型","个",6.3,null,null,14.15,89.15]
[106,"34110010","水",null,"m3",63.9781,null,null,4.58,293.02]
[107,"34110040","电",null,"kW·h",2.632,null,null,0.77,2.03]
[108,"35010010","钢模板",null,"kg",12.1692,null,null,4.58,55.73]
[109,"37091110","钢垫板","1~2","kg",0.3,null,null,4.5,1.35]
[110,"99450760","其他材料费",null,"元",602.1747,null,null,1,602.17]
[111,"BCCLF1","SJ-512千秋架",null,"个",33,null,null,25.31,835.23]
[112,"BCCLF10","910阀箱",null,"个",3,null,null,74.78,224.34]
[113,"BCCLF11@1","不锈钢成品检修门","1500*2000mm","套",1,null,null,2200,2200]
[114,"BCCLF9","708阀箱",null,"个",2,null,null,28.76,57.52]
[115,"8021903","普通预拌混凝土","碎石粒径综合考虑 C20","m3",12.8876,null,null,587,7565.02]
[116,"8021904","普通预拌混凝土","碎石粒径综合考虑 C25","m3",0.2983,null,null,608,181.37]
[117,"8005902","湿拌砌筑砂浆","砌筑灰缝≥5mm M7.5","m3",0.0321,null,null,620,19.9]
[118,"8005903","湿拌砌筑砂浆","砌筑灰缝≥5mm M10","m3",0.1966,null,null,625,122.88]
[119,"8005907","湿拌抹灰砂浆","一次抹灰厚度≥5mm M10","m3",0.6218,null,null,635,394.84]
[120,"8005908","湿拌抹灰砂浆","一次抹灰厚度≥5mm M15","m3",2.8087,null,null,644,1808.8]
[121,"8005909","湿拌抹灰砂浆","一次抹灰厚度≥5mm M20","m3",0.1425,null,null,660,94.05]
[122,"01000003@1","角钢","40-70","kg",3.0167,null,null,4.3,12.97]
[123,"03011330@1","螺栓M16*250",null,"套",4.32,null,null,2.39,10.32]
[124,"03011330@2","高强度螺栓","M20*300","套",43.2,null,null,4.33,187.06]
[125,"13030410","煤焦油沥清漆","L01-17","kg",0.6262,null,null,10.8,6.76]
[126,"17250050@1","PVC给水管DN65",null,"m",100.98,null,null,7.67,774.52]
[127,"17250050@2","PVC给水管DN50",null,"m",33.15,null,null,6.02,199.56]
[128,"17250050@3","PVC给水管DN40",null,"m",63.24,null,null,4.14,261.81]
[129,"17250050@4","PVC给水管DN32",null,"m",87.72,null,null,3.77,330.7]
[130,"17250050@5","PVC给水管DN25",null,"m",69.87,null,null,2.43,169.78]
[131,"17250050@6","PVC给水管DN20",null,"m",138.72,null,null,2.1,291.31]
["主要材料价格表"]
["工程名称：南村镇坑头村文昌路小公园改造工程-市政部分",{"$nulls":6},"第 5 页  共 6 页"]
["序号","材料编码","材料名称","规格","单位","数量",null,null,"市场价\n（元）","市场价合计（元）"]
[132,"18090480@2","室外塑料给水管接头零件(粘接)","DN50","个",9.295,null,null,7.48,69.53]
[133,"18090480@3","室外塑料给水管接头零件(粘接)","DN65","个",27.819,null,null,10.53,292.93]
[134,"18090480@4","室外塑料给水管接头零件(粘接)","DN40","个",18.352,null,null,4.89,89.74]
[135,"18090480@5","室外塑料给水管接头零件(粘接)","DN32","个",24.338,null,null,4.16,101.25]
[136,"18090480@6","室外塑料给水管接头零件(粘接)","DN25","个",19.3855,null,null,2.35,45.56]
[137,"18090480@7","室外塑料给水管接头零件(粘接)","DN20","个",38.488,null,null,1.2,46.19]
[138,"18190001@1","Y型过滤器","DN65","个",1,null,null,193.81,193.81]
[139,"18210190@1","法兰挠性接头","DN65","个",1,null,null,342.65,342.65]
[140,"19000001@1","快速取水阀DN20",null,"个",2.02,null,null,25.49,51.49]
[141,"19000001@2","闸阀DN50",null,"个",1.01,null,null,169.09,170.78]
[142,"19000001@3","闸阀DN40",null,"个",1.01,null,null,106.01,107.07]
[143,"19000001@4","闸阀DN32",null,"个",1.01,null,null,85.86,86.72]
[144,"19030001@1","法兰闸阀","DN65","个",2,null,null,406.19,812.38]
[145,"19090060@1","倒流防止器","DN65","个",1,null,null,649.77,649.77]
[146,"20010360@1","钢板平焊法兰","DN65","副",4,null,null,41.54,166.16]
[147,"23210001","喷头",null,"个",33.33,null,null,93.81,3126.69]
[148,"24010001@1","法兰水表","DN65","个",1,null,null,125.49,125.49]
[149,"25000001@1","庭院灯4m LED36W",null,"套",17.17,null,null,1261.19,21654.63]
[150,"27060170@1","镀锌扁钢-40*4",null,"t",0.0401,null,null,4589.58,184.04]
[151,"27060170@2","镀锌圆钢φ12",null,"m",234.0135,null,null,4,936.05]
[152,"28030410@1","ZR-RVV-3*2.5",null,"m",112.914,null,null,5.37,606.35]
[153,"28110210@1","YJV-3*6",null,"m",12.423,null,null,11.61,144.23]
[154,"28110210@2","YJV-3*4",null,"m",273.5888,null,null,8.33,2278.99]
[155,"29060137@1","PVC40",null,"m",10.6,null,null,4.67,49.5]
[156,"29060137@2","PVC32",null,"m",227.37,null,null,3.59,816.26]
[157,"33010088@1","方钢6mm",null,"t",1.918,null,null,4558.41,8743.03]
[158,"33010385@1","扁钢4mm",null,"t",0.015,null,null,4589.58,68.84]
[159,"33010385@2","钢板10mm",null,"t",0.096,null,null,4359.91,418.55]
[160,"34130070","路灯号牌",null,"个",17.17,null,null,13.65,234.37]
[161,"35090155@1","花纹钢板","3mm","t",0.89,null,null,4356.9,3877.64]
[162,"36010060@2","混凝土雨水井篦","600*600mm","套",2.02,null,null,150,303]
["主要材料价格表"]
["工程名称：南村镇坑头村文昌路小公园改造工程-市政部分",{"$nulls":6},"第 6 页  共 6 页"]
["序号","材料编码","材料名称","规格","单位","数量",null,null,"市场价\n（元）","市场价合计（元）"]
[163,"36010205@1","铸铁井盖、井座","φ700","套",1,null,null,395,395]
[164,"36050020@3","混凝土人行道砖",null,"m2",18.6048,null,null,83.66,1556.48]
[165,"37270101@2","镀锌角铁","L50*50*5*2500mm","根",22.05,null,null,40.05,883.1]
[166,"37270110@1","圆钢接地极φ12",null,"t",0.0153,null,null,4405,67.4]
[167,"55090080","成套配电箱",null,"台",1,null,null,5000,5000]
[168,"80010640","预拌水泥砂浆","1:2.5","m3",0.0022,null,null,660,1.45]
[169,"80210660@1","混凝土C25",null,"m3",2.958,null,null,608,1798.46]
{"$rows_empty":26}
[null,null,"合  计",{"$nulls":6},134597.46]

{"sheet":"1.1.2综合单价计算表","index":6,"n_rows":178,"n_cols":9,"rows_kept":178,"merged":[[0,0,0,8],[1,0,1,5],[1,6,1,8],[2,0,2,0],[2,1,2,1],[2,2,2,3],[2,4,2,4],[2,5,2,6],[2,7,2,7],[3,0,3,0],[3,2,3,3],[3,5,3,6],[4,0,5,0],[4,2,4,3],[4,5,4,6],[5,2,5,3],[5,5,5,6],[6,0,6,0],[6,2,6,3],[6,5,6,6],[7,0,8,0],[7,2,7,3],[7,5,7,6],[8,2,8,3],[8,5,8,6],[9,0,9,0],[9,2,9,3],[9,5,9,6],[10,0,11,0],[10,2,10,3],[10,5,10,6],[11,2,11,3],[11,5,11,6],[12,0,12,0],[12,2,12,3],[12,5,12,6],[13,0,14,0],[13,2,13,3],[13,5,13,6],[14,2,14,3],[14,5,14,6],[15,0,15,0],[15,2,15,3],[15,5,15,6],[16,0,16,0],[16,2,16,3],[16,5,16,6],[17,0,17,0],[17,2,17,3],[17,5,17,6],[18,0,18,0],[18,2,18,3],[18,5,18,6],[19,0,19,0],[19,2,19,3],[19,5,19,6],[20,0,20,0],[20,2,20,3],[20,5,20,6],[21,0,21,0],[21,2,21,3],[21,5,21,6],[22,0,22,0],[22,2,22,3],[22,5,22,6],[23,0,23,0],[23,2,23,3],[23,5,23,6],[24,0,24,0],[24,2,24,3],[24,5,24,6],[25,0,25,0],[25,2,25,3],[25,5,25,6],[26,0,26,0],[26,2,26,3],[26,5,26,6],[27,0,27,0],[27,2,27,3],[27,5,27,6],[28,0,28,8],[29,0,29,5],[29,6,29,8],[30,0,30,0],[30,1,30,1],[30,2,30,3],[30,4,30,4],[30,5,30,6],[30,7,30,7],[31,0,31,0],[31,2,31,3],[31,5,31,6],[32,0,32,0],[32,2,32,3],[32,5,32,6],[33,0,33,0],[33,2,33,3],[33,5,33,6],[34,0,34,0],[34,2,34,3],[34,5,34,6],[35,0,36,0],[35,2,35,3],[35,5,35,6],[36,2,36,3],[36,5,36,6],[37,0,37,0],[37,2,37,3],[37,5,37,6],[38,0,39,0],[38,2,38,3],[38,5,38,6],[39,2,39,3],[39,5,39,6],[40,0,40,0],[40,2,40,3],[40,5,40,6],[41,0,42,0],[41,2,41,3],[41,5,41,6],[42,2,42,3],[42,5,42,6],[43,0,43,0],[43,2,43,3],[43,5,43,6],[44,0,45,0],[44,2,44,3],[44,5,44,6],[45,2,45,3],[45,5,45,6],[46,0,46,0],[46,2,46,3],[46,5,46,6],[47,0,51,0],[47,2,47,3],[47,5,47,6],[48,2,48,3],[48,5,48,6],[49,2,49,3],[49,5,49,6],[50,2,50,3],[50,5,50,6],[51,2,51,3],[51,5,51,6],[52,0,52,0],[52,2,52,3],[52,5,52,6],[53,0,53,8],[54,0,54,5],[54,6,54,8],[55,0,55,0],[55,1,55,1],[55,2,55,3],[55,4,55,4],[55,5,55,6],[55,7,55,7],[56,0,60,0],[56,2,56,3],[56,5,56,6],[57,2,57,3],[57,5,57,6],[58,2,58,3],[58,5,58,6],[59,2,59,3],[59,5,59,6],[60,2,60,3],[60,5,60,6],[61,0,61,0],[61,2,61,3],[61,5,61,6],[62,0,63,0],[62,2,62,3],[62,5,62,6],[63,2,63,3],[63,5,63,6],[64,0,64,0],[64,2,64,3],[64,5,64,6],[65,0,70,0],[65,2,65,3],[65,5,65,6],[66,2,66,3],[66,5,66,6],[67,2,67,3],[67,5,67,6],[68,2,68,3],[68,5,68,6],[69,2,69,3],[69,5,69,6],[70,2,70,3],[70,5,70,6],[71,0,71,0],[71,2,71,3],[71,5,71,6],[72,0,73,0],[72,2,72,3],[72,5,72,6],[73,2,73,3],[73,5,73,6],[74,0,74,8],[75,0,75,5],[75,6,75,8],[76,0,76,0],[76,1,76,1],[76,2,76,3],[76,4,76,4],[76,5,76,6],[76,7,76,7],[77,0,77,0],[77,2,77,3],[77,5,77,6],[78,0,78,0],[78,2,78,3],[78,5,78,6],[79,0,79,0],[79,2,79,3],[79,5,79,6],[80,0,80,0],[80,2,80,3],[80,5,80,6],[81,0,81,0],[81,2,81,3],[81,5,81,6],[82,0,82,0],[82,2,82,3],[82,5,82,6],[83,0,83,0],[83,2,83,3],[83,5,83,6],[84,0,85,0],[84,2,84,3],[84,5,84,6],[85,2,85,3],[85,5,85,6],[86,0,86,0],[86,2,86,3],[86,5,86,6],[87,0,88,0],[87,2,87,3],[87,5,87,6],[88,2,88,3],[88,5,88,6],[89,0,89,0],[89,2,89,3],[89,5,89,6],[90,0,90,0],[90,2,90,3],[90,5,90,6],[91,0,91,0],[91,2,91,3],[91,5,91,6],[92,0,98,0],[92,2,92,3],[92,5,92,6],[93,2,93,3],[93,5,93,6],[94,2,94,3],[94,5,94,6],[95,2,95,3],[95,5,95,6],[96,2,96,3],[96,5,96,6],[97,2,97,3],[97,5,97,6],[98,2,98,3],[98,5,98,6],[99,0,99,0],[99,2,99,3],[99,5,99,6],[100,0,100,0],[100,2,100,3],[100,5,100,6],[101,0,101,8],[102,0,102,5],[102,6,102,8],[103,0,103,0],[103,1,103,1],[103,2,103,3],[103,4,103,4],[103,5,103,6],[103,7,103,7],[104,0,108,0],[104,2,104,3],[104,5,104,6],[105,2,105,3],[105,5,105,6],[106,2,106,3],[106,5,106,6],[107,2,107,3],[107,5,107,6],[108,2,108,3],[108,5,108,6],[109,0,109,0],[109,2,109,3],[109,5,109,6],[110,0,115,0],[110,2,110,3],[110,5,110,6],[111,2,111,3],[111,5,111,6],[112,2,112,3],[112,5,112,6],[113,2,113,3],[113,5,113,6],[114,2,114,3],[114,5,114,6],[115,2,115,3],[115,5,115,6],[116,0,116,0],[116,2,116,3],[116,5,116,6],[117,0,117,0],[117,2,117,3],[117,5,117,6],[118,0,118,0],[118,2,118,3],[118,5,118,6],[119,0,119,0],[119,2,119,3],[119,5,119,6],[120,0,120,0],[120,2,120,3],[120,5,120,6],[121,0,121,0],[121,2,121,3],[121,5,121,6],[122,0,122,0],[122,2,122,3],[122,5,122,6],[123,0,123,8],[124,0,124,5],[124,6,124,8],[125,0,125,0],[125,1,125,1],[125,2,125,3],[125,4,125,4],[125,5,125,6],[125,7,125,7],[126,0,126,0],[126,2,126,3],[126,5,126,6],[127,0,127,0],[127,2,127,3],[127,5,127,6],[128,0,128,0],[128,2,128,3],[128,5,128,6],[129,0,129,0],[129,2,129,3],[129,5,129,6],[130,0,130,0],[130,2,130,3],[130,5,130,6],[131,0,131,0],[131,2,131,3],[131,5,131,6],[132,0,132,0],[132,2,132,3],[132,5,132,6],[133,0,133,0],[133,2,133,3],[133,5,133,6],[134,0,136,0],[134,2,134,3],[134,5,134,6],[135,2,135,3],[135,5,135,6],[136,2,136,3],[136,5,136,6],[137,0,137,0],[137,2,137,3],[137,5,137,6],[138,0,139,0],[138,2,138,3],[138,5,138,6],[139,2,139,3],[139,5,139,6],[140,0,140,0],[140,2,140,3],[140,5,140,6],[141,0,141,0],[141,2,141,3],[141,5,141,6],[142,0,142,0],[142,2,142,3],[142,5,142,6],[143,0,143,0],[143,2,143,3],[143,5,143,6],[144,0,144,0],[144,2,144,3],[144,5,144,6],[145,0,145,0],[145,2,145,3],[145,5,145,6],[146,0,146,0],[146,2,146,3],[146,5,146,6],[147,0,148,0],[147,2,147,3],[147,5,147,6],[148,2,148,3],[148,5,148,6],[149,0,149,0],[149,2,149,3],[149,5,149,6],[150,0,150,8],[151,0,151,5],[151,6,151,8],[152,0,152,0],[152,1,152,1],[152,2,152,3],[152,4,152,4],[152,5,152,6],[152,7,152,7],[153,0,158,0],[153,2,153,3],[153,5,153,6],[154,2,154,3],[154,5,154,6],[155,2,155,3],[155,5,155,6],[156,2,156,3],[156,5,156,6],[157,2,157,3],[157,5,157,6],[158,2,158,3],[158,5,158,6],[159,0,159,0],[159,2,159,3],[159,5,159,6],[160,0,161,0],[160,2,160,3],[160,5,160,6],[161,2,161,3],[161,5,161,6],[162,0,162,0],[162,2,162,3],[162,5,162,6],[163,0,163,0],[163,2,163,3],[163,5,163,6],[164,0,164,0],[164,2,164,3],[164,5,164,6],[165,0,165,0],[165,2,165,3],[165,5,165,6],[166,0,166,0],[166,2,166,3],[166,5,166,6],[167,0,167,0],[167,2,167,3],[167,5,167,6],[168,0,168,0],[168,2,168,3],[168,5,168,6],[169,0,169,0],[169,2,169,3],[169,5,169,6],[170,0,170,0],[170,2,170,3],[170,5,170,6],[171,0,171,0],[171,2,171,3],[171,5,171,6],[172,0,172,0],[172,2,172,3],[172,5,172,6],[173,0,173,0],[173,2,173,3],[173,5,173,6],[174,0,174,0],[174,2,174,3],[174,5,174,6],[175,0,175,0],[175,2,175,3],[175,5,175,6],[176,0,176,0],[176,2,176,3],[176,5,176,6],[177,2,177,3],[177,5,177,6]]}
["综合单价计算表"]
["工程名称：南村镇坑头村文昌路小公园改造工程-市政部分",{"$nulls":5},"第 1 页 共 7 页"]
["序号","编码","名称",null,"单位","工程量",null,"综合单价\n（元）","综合合价\n（元）"]
[1,"031003001001","快速取水阀",null,"个","2",null,68.42,136.84]
[null,"借C10-3-2","螺纹阀安装 公称直径(mm以内) 20",null,"个",2,null,39.66,79.32]
[null,"补子目2","708阀箱",null,"个",2,null,28.76,57.52]
[2,"030901003001","旋转射线喷头",null,"个","12",null,126.06,1512.72]
[null,"借C10-3-315","喷头安装 埋藏旋转、散射",null,"个",12,null,100.75,1209]
[null,"补子目1","SJ-512千秋架",null,"个",12,null,25.31,303.72]
[3,"030901003002","旋转射线喷头",null,"个","9",null,126.06,1134.54]
[null,"借C10-3-315","喷头安装 埋藏旋转、散射",null,"个",9,null,100.75,906.75]
[null,"补子目1","SJ-512千秋架",null,"个",9,null,25.31,227.79]
[4,"030901003003","旋转射线喷头",null,"个","12",null,126.06,1512.72]
[null,"借C10-3-315","喷头安装 埋藏旋转、散射",null,"个",12,null,100.75,1209]
[null,"补子目1","SJ-512千秋架",null,"个",12,null,25.31,303.72]
[5,"031001006001","塑料管",null,"m","99",null,21.67,2145.33]
[null,"借C10-1-250","给排水管道 室外塑料给水管(粘接) 公称外径(mm以内) 63",null,"10m",9.9,null,216.69,2145.23]
[6,"031001006002","塑料管",null,"m","32.5",null,18.97,616.53]
[null,"借C10-1-249","给排水管道 室外塑料给水管(粘接) 公称外径(mm以内) 50",null,"10m",3.25,null,189.73,616.62]
[7,"031001006003","塑料管",null,"m","62",null,14.82,918.84]
[null,"借C10-1-248","给排水管道 室外塑料给水管(粘接) 公称外径(mm以内) 40",null,"10m",6.2,null,148.15,918.53]
[8,"031001006004","塑料管",null,"m","86",null,13.32,1145.52]
[null,"借C10-1-247","给排水管道 室外塑料给水管(粘接) 公称外径(mm以内) 32",null,"10m",8.6,null,133.2,1145.52]
[9,"031001006005","塑料管",null,"m","68.5",null,11.44,783.64]
[null,"借C10-1-247","给排水管道 室外塑料给水管(粘接) 公称外径(mm以内) 32",null,"10m",6.85,null,114.41,783.71]
[10,"031001006006","塑料管",null,"m","136",null,10.78,1466.08]
[null,"借C10-1-247","给排水管道 室外塑料给水管(粘接) 公称外径(mm以内) 32",null,"10m",13.6,null,107.79,1465.94]
[11,"031003013001","水表",null,"组","1",null,2924.65,2924.65]
["综合单价计算表"]
["工程名称：南村镇坑头村文昌路小公园改造工程-市政部分",{"$nulls":5},"第 2 页 共 7 页"]
["序号","编码","名称",null,"单位","工程量",null,"综合单价\n（元）","综合合价\n（元）"]
[null,"借C10-3-264","倒流防止器组成安装(法兰连接带水表) 公称直径(mm以内) 65",null,"组",1,null,2924.65,2924.65]
[12,"粤050101024001","水表井",null,"座","1",null,6782.14,6782.14]
[null,"D4-3-32 换","砖砌矩形水表井 井室净空尺寸(长×宽×高)(m) 2.15×1.10×1.40",null,"座",1,null,6782.14,6782.14]
[13,"031003001002","闸阀DN50",null,"个","1",null,302.19,302.19]
[null,"借C10-3-6","螺纹阀安装 公称直径(mm以内) 50",null,"个",1,null,227.41,227.41]
[null,"补子目3","910阀箱",null,"个",1,null,74.78,74.78]
[14,"031003001003","闸阀DN40",null,"个","1",null,231.03,231.03]
[null,"借C10-3-5","螺纹阀安装 公称直径(mm以内) 40",null,"个",1,null,156.25,156.25]
[null,"补子目3","910阀箱",null,"个",1,null,74.78,74.78]
[15,"031003001004","闸阀DN32",null,"个","1",null,193.35,193.35]
[null,"借C10-3-4","螺纹阀安装 公称直径(mm以内) 32",null,"个",1,null,118.57,118.57]
[null,"补子目3","910阀箱",null,"个",1,null,74.78,74.78]
[16,"041001002002","拆除人行道",null,"m2","91.18",null,16.54,1508.12]
[null,"D1-4-29","拆除人行道 混凝土预制板 厚8cm内  \u007f",null,"100m2",0.9118,null,318.36,290.28]
[null,"D1-4-11","小型机械拆除各类底层 厚15cm内",null,"100m2",0.9118,null,1335.95,1218.12]
[17,"040204002002","人行道块料铺设",null,"m2","72.95",null,99.95,7291.35]
[null,"D2-2-4 *0.5","集中拌合水泥石屑混合料 水泥含量 6% \u007f单价*0.5",null,"m3",10.9425,null,154.94,1695.43]
[null,"D2-2-5 *0.5","集中拌合水泥石屑混合料 水泥含量 8% \u007f单价*0.5",null,"m3",10.9425,null,162.28,1775.75]
[null,"D2-2-8 换","自卸汽车运输水泥石屑(碎石)混合料 自卸汽车装载 第一个1km \u007f实际运距(km):5",null,"100m3",0.109425,null,1944.08,212.73]
[null,"D2-2-12","机械铺筑水泥石屑(碎石)混合料 厚度 15cm",null,"100m2",0.7295,null,298.96,218.09]
[null,"D2-4-2 换","人行道砖 砂浆垫层(结合层) 厚度3cm \u007f合并制作子目 湿拌抹灰砂浆 一次抹灰厚度≥5mm M15",null,"100m2",0.7295,null,4646.32,3389.49]
[18,"040204002003","人行道块料铺设",null,"m2","18.24",null,185.29,3379.69]
["综合单价计算表"]
["工程名称：南村镇坑头村文昌路小公园改造工程-市政部分",{"$nulls":5},"第 3 页 共 7 页"]
["序号","编码","名称",null,"单位","工程量",null,"综合单价\n（元）","综合合价\n（元）"]
[null,"D2-2-4 *0.5","集中拌合水泥石屑混合料 水泥含量 6% \u007f单价*0.5",null,"m3",2.736,null,154.94,423.92]
[null,"D2-2-5 *0.5","集中拌合水泥石屑混合料 水泥含量 8% \u007f单价*0.5",null,"m3",2.736,null,162.28,444]
[null,"D2-2-8 换","自卸汽车运输水泥石屑(碎石)混合料 自卸汽车装载 第一个1km \u007f实际运距(km):5",null,"100m3",0.02736,null,1944.08,53.19]
[null,"D2-2-12","机械铺筑水泥石屑(碎石)混合料 厚度 15cm",null,"100m2",0.1824,null,298.96,54.53]
[null,"D2-4-2 换","人行道砖 砂浆垫层(结合层) 厚度3cm \u007f合并制作子目 湿拌抹灰砂浆 一次抹灰厚度≥5mm M15",null,"100m2",0.1824,null,13179.64,2403.97]
[19,"041001002003","拆除人行道",null,"m2","10.64",null,19.73,209.93]
[null,"D1-4-29 *2","拆除人行道 混凝土预制板 厚8cm内 \u007f拆除石质人行道砖 单价*2",null,"100m2",0.1064,null,636.72,67.75]
[null,"D1-4-11","小型机械拆除各类底层 厚15cm内",null,"100m2",0.1064,null,1335.95,142.15]
[20,"040204002004","人行道块料铺设",null,"m2","10.64",null,207.75,2210.46]
[null,"D2-2-4 *0.5","集中拌合水泥石屑混合料 水泥含量 6% \u007f单价*0.5",null,"m3",1.596,null,154.94,247.28]
[null,"D2-2-5 *0.5","集中拌合水泥石屑混合料 水泥含量 8% \u007f单价*0.5",null,"m3",1.596,null,162.28,259]
[null,"D2-2-8 换","自卸汽车运输水泥石屑(碎石)混合料 自卸汽车装载 第一个1km \u007f实际运距(km):5",null,"100m3",0.01596,null,1944.08,31.03]
[null,"D2-2-12","机械铺筑水泥石屑(碎石)混合料 厚度 15cm",null,"100m2",0.1064,null,298.96,31.81]
[null,"D5-1-15","垫层 砂",null,"10m3",0.3192,null,3182.83,1015.96]
[null,"D2-4-4 换","花岗岩人行道砖 6cm \u007f合并制作子目 湿拌抹灰砂浆 一次抹灰厚度≥5mm M10",null,"100m2",0.1064,null,5877.55,625.37]
[21,"040101002002","挖沟槽土方",null,"m3","341.3",null,7.96,2716.75]
[null,"D1-1-10","人工挖沟槽土方 一、二类土 深度在2m内",null,"100m3天然密实方",0.17065,null,3982.04,679.54]
[null,"D1-1-33","挖掘机挖沟槽、基坑土方 一、二类土",null,"1000m3天然密实方",0.324235,null,6280.62,2036.4]
["综合单价计算表"]
["工程名称：南村镇坑头村文昌路小公园改造工程-市政部分",{"$nulls":5},"第 4 页 共 7 页"]
["序号","编码","名称",null,"单位","工程量",null,"综合单价\n（元）","综合合价\n（元）"]
[22,"040305001001","垫层",null,"m3","25.73",null,412.81,10621.6]
[null,"D3-1-1","现浇基础 碎石垫层",null,"10m3",2.573,null,4128.12,10621.65]
[23,"040103001005","回填方",null,"m3","201.71",null,237.89,47984.79]
[null,"借A1-4-125","垫层 3:7灰土",null,"10m3",20.171,null,2378.92,47985.2]
[24,"040103001004","回填方",null,"m3","113.24",null,42.54,4817.23]
[null,"借E1-1-8 换","填耕植土 机械",null,"100m3",1.1324,null,4254.31,4817.58]
[25,"040103002002","余方弃置",null,"m3","356.57",null,37.98,13542.53]
[null,"D1-1-51","挖掘机装土",null,"1000m3天然密实方",0.35657,null,2873.58,1024.63]
[null,"D1-1-53 换","自卸汽车运土方 运距1km内 \u007f实际运距(km):15",null,"1000m3天然密实方",0.35657,null,35103.75,12516.94]
[26,"040103002003","余方弃置",null,"m3","0.91",null,65.35,59.47]
[null,"D1-1-124","挖掘机挖装松散石方",null,"1000m3天然密实方",0.00091,null,10793.11,9.82]
[null,"D1-1-126 换","自卸汽车运石方 运距1km \u007f实际运距(km):15",null,"1000m3天然密实方",0.00091,null,54554.26,49.64]
[27,"040801010001","落地式配电箱",null,"台","1",null,5703.97,5703.97]
[null,"借C4-4-29","成套配电箱安装 落地式",null,"台",1,null,5703.97,5703.97]
[28,"040801010002","配电箱基础",null,"个","1",null,1630.07,1630.07]
[null,"D5-3-284 换","砖砌 矩形 \u007f合并制作子目 湿拌砌筑砂浆 砌筑灰缝≥5mm M7.5",null,"10m3",0.014045,null,6322.97,88.81]
[null,"D1-2-40 换","砖砌体 基础、护底 \u007f合并制作子目 湿拌砌筑砂浆 砌筑灰缝≥5mm M7.5",null,"10m3",0.000286,null,3742.12,1.07]
[null,"D5-3-291 换","砖墙 抹灰 井内侧 \u007f合并制作子目 湿拌抹灰砂浆 一次抹灰厚度≥5mm M20",null,"100m2",0.01386,null,3969.53,55.02]
[null,"借C4-9-3","接地极(板)制作、安装 角钢接地极 普通土",null,"根",4,null,109.23,436.92]
[null,"借C4-9-18","接地母线敷设 户内接地母线敷设",null,"10m",3.112,null,274.77,855.08]
[null,"D3-6-7 换","铁件制作、安装 预埋铁件",null,"t",0.018,null,8910.59,160.39]
[null,"借A1-7-85","高强度螺栓安装",null,"100套",0.04,null,819.59,32.78]
[29,"040805001001","庭院灯4m LED36W",null,"套","17",null,1989.64,33823.88]
[null,"借C4-12-310","庭院路灯安装 柱灯 三火以下",null,"10套",1.7,null,15006.21,25510.56]
["综合单价计算表"]
["工程名称：南村镇坑头村文昌路小公园改造工程-市政部分",{"$nulls":5},"第 5 页 共 7 页"]
["序号","编码","名称",null,"单位","工程量",null,"综合单价\n（元）","综合合价\n（元）"]
[null,"借C4-10-108","基础工程 现浇混凝土基础 每基混凝土量(m3) ≤1",null,"10m3",0.2958,null,15706.77,4646.06]
[null,"借A1-5-103","现浇构件圆钢 φ25内",null,"t",0.13,null,4505.51,585.72]
[null,"借C4-9-3","接地极(板)制作、安装 角钢接地极 普通土",null,"根",17,null,109.23,1856.91]
[null,"借C4-9-5","接地极(板)制作、安装 圆钢接地极 普通土",null,"根",17,null,54.82,931.94]
[null,"借C4-12-357","路灯设施编号 钉或粘路灯号牌",null,"100个",0.17,null,1721.61,292.67]
[30,"040504009001","拉线井",null,"座","2",null,705.83,1411.66]
[null,"D5-3-282 换","非定型井基础 混凝土 \u007f合并制作子目 普通预拌混凝土 碎石粒径综合考虑 C25",null,"10m3",0.017248,null,8972.63,154.76]
[null,"D1-2-7","碎石滤层 厚度在10cm内",null,"10m3",0.00196,null,3402.19,6.67]
[null,"D5-3-284 换","砖砌 矩形 \u007f合并制作子目 湿拌砌筑砂浆 砌筑灰缝≥5mm M10",null,"10m3",0.086016,null,6334.4,544.86]
[null,"借A1-5-35 换","现浇混凝土其他构件 压顶、扶手 \u007f合并制作子目 普通预拌混凝土 碎石粒径综合考虑 C25",null,"10m3",0.012288,null,9582.12,117.75]
[null,"D5-3-291 换","砖墙 抹灰 井内侧 \u007f合并制作子目 湿拌抹灰砂浆 一次抹灰厚度≥5mm M20",null,"100m2",0.0256,null,3969.53,101.62]
[null,"D5-3-310 换","井盖、井箅安装 雨水井 混凝土篦(盖)座 \u007f合并制作子目 湿拌抹灰砂浆 一次抹灰厚度≥5mm M20",null,"10套",0.2,null,2430.04,486.01]
[31,"040803001001","电缆",null,"m","12.3",null,16.7,205.41]
[null,"借C4-8-1","铜芯电力电缆敷设 电缆(截面mm2以下) 10",null,"100m",0.123,null,1670.38,205.46]
[32,"040803001002","电缆",null,"m","270.88",null,13.39,3627.08]
[null,"借C4-8-1","铜芯电力电缆敷设 电缆(截面mm2以下) 10",null,"100m",2.7088,null,1339.1,3627.35]
[33,"040803005001","电缆终端头",null,"个","6",null,93.5,561]
[null,"借C4-8-82","1kV以下户内干包式铜芯电力电缆终端头制作、安装 铜芯干包终端头(截面mm2以下) 16",null,"个",6,null,93.5,561]
[34,"040804001001","配管",null,"m","10",null,14.49,144.9]
["综合单价计算表"]
["工程名称：南村镇坑头村文昌路小公园改造工程-市政部分",{"$nulls":5},"第 6 页 共 7 页"]
["序号","编码","名称",null,"单位","工程量",null,"综合单价\n（元）","综合合价\n（元）"]
[null,"借C4-11-120","半硬质塑料管埋地敷设 公称直径(mm以内) 40",null,"100m",0.1,null,1448.53,144.85]
[35,"040804001002","配管",null,"m","214.5",null,12.86,2758.47]
[null,"借C4-11-119","半硬质塑料管埋地敷设 公称直径(mm以内) 32",null,"100m",2.145,null,1286.29,2759.09]
[36,"040804002001","配线",null,"m","104.55",null,7.39,772.62]
[null,"借C4-11-230","多芯软导线管内穿线(芯以内) 四芯 导线截面(mm2以内) 2.5",null,"100m/束",1.0455,null,739.28,772.92]
[37,"040806002001","接地母线",null,"m","222.87",null,25.76,5741.13]
[null,"借C4-9-18","接地母线敷设 户内接地母线敷设",null,"10m",22.287,null,257.56,5740.24]
[38,"040503003001","金属支架制作、安装",null,"t","0.003",null,26262.48,78.79]
[null,"借C10-2-1","管道支架制作 单件重量(kg以内) 5",null,"100kg",0.02873,null,1766.53,50.75]
[null,"借C10-2-6","管道支架安装 单件重量(kg以内) 5",null,"100kg",0.02873,null,867.54,24.92]
[null,"借C12-2-60 换","一般钢结构 沥青漆 第一遍 \u007f实际遍数(遍):2 \u007f安装前管道集中刷油 人工*0.7",null,"100kg",0.02873,null,108.27,3.11]
[39,"040101002001","挖沟槽土方",null,"m3","58.41",null,7.96,464.94]
[null,"D1-1-10","人工挖沟槽土方 一、二类土 深度在2m内",null,"100m3天然密实方",0.029205,null,3982.04,116.3]
[null,"D1-1-33","挖掘机挖沟槽、基坑土方 一、二类土",null,"1000m3天然密实方",0.05549,null,6280.62,348.51]
[40,"040103001001","回填方",null,"m3","8.78",null,18.77,164.8]
[null,"D1-1-133","回填土 夯实机夯实 槽、坑",null,"100m3压实方",0.0878,null,1877.02,164.8]
[41,"040103001002","回填方",null,"m3","32.33",null,243.2,7862.66]
[null,"D1-1-135","管(基)坑回填石屑",null,"100m3",0.3233,null,24320.16,7862.71]
[42,"040303001001","混凝土垫层",null,"m3","12.76",null,692.22,8832.73]
[null,"D5-1-13 换","垫层 混凝土 \u007f合并制作子目 普通预拌混凝土 碎石粒径综合考虑 C20",null,"10m3",1.276,null,6922.24,8832.78]
[43,"041001002001","拆除人行道",null,"m2","9.55",null,19.73,188.42]
[null,"D1-4-29 *2","拆除人行道 混凝土预制板 厚8cm内 \u007f拆除石质人行道砖 单价*2",null,"100m2",0.0955,null,636.72,60.81]
[null,"D1-4-11","小型机械拆除各类底层 厚15cm内",null,"100m2",0.0955,null,1335.95,127.58]
[44,"040204002001","人行道块料铺设",null,"m2","9.55",null,207.75,1984.01]
["综合单价计算表"]
["工程名称：南村镇坑头村文昌路小公园改造工程-市政部分",{"$nulls":5},"第 7 页 共 7 页"]
["序号","编码","名称",null,"单位","工程量",null,"综合单价\n（元）","综合合价\n（元）"]
[null,"D2-2-4 *0.5","集中拌合水泥石屑混合料 水泥含量 6% \u007f单价*0.5",null,"m3",1.4325,null,154.94,221.95]
[null,"D2-2-5 *0.5","集中拌合水泥石屑混合料 水泥含量 8% \u007f单价*0.5",null,"m3",1.4325,null,162.28,232.47]
[null,"D2-2-8 换","自卸汽车运输水泥石屑(碎石)混合料 自卸汽车装载 第一个1km \u007f实际运距(km):5",null,"100m3",0.014325,null,1944.08,27.85]
[null,"D2-2-12","机械铺筑水泥石屑(碎石)混合料 厚度 15cm",null,"100m2",0.0955,null,298.96,28.55]
[null,"D5-1-15","垫层 砂",null,"10m3",0.2865,null,3182.83,911.88]
[null,"D2-4-4 换","花岗岩人行道砖 6cm \u007f合并制作子目 湿拌抹灰砂浆 一次抹灰厚度≥5mm M10",null,"100m2",0.0955,null,5877.55,561.31]
[45,"040103002001","余方弃置",null,"m3","51.06",null,37.98,1939.26]
[null,"D1-1-51","挖掘机装土",null,"1000m3天然密实方",0.05106,null,2873.58,146.72]
[null,"D1-1-53 换","自卸汽车运土方 运距1km内 \u007f实际运距(km):15",null,"1000m3天然密实方",0.05106,null,35103.75,1792.4]
[46,"040307007001","其他钢构件",null,"t","0.89",null,6272.48,5582.51]
[null,"借A1-7-69","钢平台、走道",null,"t",0.89,null,6272.48,5582.51]
[47,"010604001001","钢梁",null,"t","1.918",null,5827.15,11176.47]
[null,"借A1-7-20","住宅钢结构 钢梁安装 每根构件质量(t) ≤0.5",null,"t",1.918,null,5827.15,11176.47]
[48,"011405001001","金属面油漆",null,"m2","42.4",null,8.62,365.49]
[null,"借A1-15-124 换","防锈漆 一遍 \u007f实际防锈漆遍数(遍):2",null,"100m2",0.424,null,862.09,365.53]
[49,"010606013001","零星钢构件",null,"t","0.096",null,6196.46,594.86]
[null,"借A1-7-28","住宅零星钢构件",null,"t",0.096,null,6196.46,594.86]
[50,"010606013002","零星钢构件",null,"t","0.015",null,6426.13,96.39]
[null,"借A1-7-28","住宅零星钢构件",null,"t",0.015,null,6426.13,96.39]
[51,"040901010001","高强螺栓",null,"套","40",null,10.29,411.6]
[null,"借A1-7-85","高强度螺栓安装",null,"100套",0.4,null,1029.11,411.64]
[52,"04B001","不锈钢成品检修门",null,"套","1",null,2200,2200]
[null,"补子目4","不锈钢成品检修门",null,"套",1,null,2200,2200]
[]
[null,null,"合   计",{"$nulls":5},214471.16]